000 00352nam a22001577a 4500
003 CEME
005 20210628205253.0
008 210225b xxu||||| |||| 00| 0 eng d
040 _c.
082 _a891.4393 MUF'A
100 _aMufti, Mumtaz
_91012
245 _aAlukh nagree
260 _aLAHOREN
_bGORA
_c1997
300 _a1272P
942 _cBK
_2ddc
999 _c580190
_d580190